[Event "TCh-TUR 2014"]
[Site "Konya TUR"]
[Date "2014.06.25"]
[Round "4.1"]
[White "Gundogan, Sinem Cagla"]
[Black "Dursun, Poyraz"]
[Result "1-0"]
[WhiteElo "1770"]
[BlackElo "1421"]
[WhiteTeam "Kocaeli Buyuksehir Belediyesi Kagit Spor"]
[BlackTeam "Pausa"]
[WhiteFideId "6325378"]
[BlackFideId "6382304"]
[EventDate "2014.06.23"]

1. e4 e5 2. Nf3 Nf6 3. Bc4 Nc6 4. d3 Be7 5. O-O O-O 6. Re1 d6 7. h3 Na5 8. Nbd2
Nxc4 9. Nxc4 b5 10. Ne3 c5 11. a4 b4 12. a5 Be6 13. Ng5 h6 14. Nxe6 fxe6 15. Ng4
Rb8 16. f4 exf4 17. Bxf4 e5 18. Bd2 Qd7 19. Ne3 Bd8 20. Nf5 d5 21. Re3 Kh7 22.
Rg3 Rf7 23. Qe2 dxe4 24. dxe4 Nxe4 25. Rxg7+ Rxg7 26. Qxe4 Rg6 27. Bxh6 Qb7 28.
Qe2 Rxh6 29. Nxh6 Kxh6 30. Qxe5 Qc7 31. Qe6+ Kg7 32. Rd1 Rb7 33. a6 Qe7 34. Qg4+
Kh8 35. axb7 Bc7 36. Qc8+ 1-0

[Event "TCh-TUR 2014"]
[Site "Konya TUR"]
[Date "2014.06.25"]
[Round "4.2"]
[White "Iordachescu, Viorel"]
[Black "Fedorchuk, Sergey A."]
[Result "1/2-1/2"]
[WhiteTitle "GM"]
[BlackTitle "GM"]
[WhiteElo "2587"]
[BlackElo "2655"]
[WhiteTeam "Denizli Pamukkale Universitesi"]
[BlackTeam "Kayseri Seker Spor Kulubu"]
[WhiteFideId "13900200"]
[BlackFideId "14102536"]
[EventDate "2014.06.23"]

1. e4 c5 2. Nf3 e6 3. g3 b6 4. Bg2 Bb7 5. Qe2 Nf6 6. e5 Nd5 7. O-O Nc6 8. Rd1
Qc7 9. Na3 a6 10. c3 b5 11. Nc2 Nb6 12. d4 cxd4 13. Ncxd4 Be7 14. h4 h6 15. Nh2
Nc4 16. Nxc6 Bxc6 17. Bxc6 Qxc6 18. Rd4 d6 19. exd6 Nxd6 20. Nf3 Nf5 21. Rd3 Rd8
22. Ne5 Qb7 23. Rxd8+ Bxd8 24. Qf3 Qxf3 25. Nxf3 Bb6 26. Kf1 f6 27. a4 Kd7 28.
h5 Kc6 29. Ne1 Rd8 30. axb5+ axb5 31. Ke2 e5 32. Nc2 Kb7 33. Ne3 Bxe3 34. Bxe3
Nxe3 35. Kxe3 Kb6 36. g4 b4 37. f3 bxc3 38. bxc3 Rd7 39. Ke4 Kc5 40. Ra8 Kd6 41.
Rc8 Ke6 42. Rc6+ Ke7 43. Rc4 Ke6 44. Rc8 Ke7 45. Rc6 Kf7 46. Kf5 Rd3 47. Rc7+
Kf8 48. Ke4 Rd1 49. c4 Rd4+ 50. Ke3 Rf4 51. c5 Rd4 52. c6 Rc4 53. Kd3 Rd4+ 54.
Kc3 Ke8 55. Rxg7 Kd8 56. Rf7 Rf4 57. Kd3 Rxf3+ 58. Ke4 Rf4+ 59. Kd5 Rd4+ 60. Ke6
e4 61. Kxf6 e3 62. Rf8+ Kc7 63. Re8 Rxg4 64. Rxe3 Rg5 65. Re5 Rxe5 1/2-1/2

[Event "TCh-TUR 2014"]
[Site "Konya TUR"]
[Date "2014.06.25"]
[Round "4.2"]
[White "Javakhishvili, Lela"]
[Black "Eminov, Orkhan"]
[Result "0-1"]
[WhiteTitle "IM"]
[WhiteElo "2474"]
[BlackElo "2254"]
[WhiteTeam "Kayseri Seker Spor Kulubu"]
[BlackTeam "Denizli Pamukkale Universitesi"]
[WhiteFideId "13601458"]
[BlackFideId "13402153"]
[EventDate "2014.06.23"]

1. d4 Nf6 2. c4 e5 3. dxe5 Ng4 4. e3 Nxe5 5. Nc3 Nbc6 6. Nh3 Bc5 7. Nf4 d6 8.
Be2 O-O 9. O-O a5 10. a3 Re8 11. b3 Bf5 12. Bb2 Qh4 13. Ncd5 Rac8 14. h3 Ne7 15.
b4 Nxd5 16. Nxd5 Ba7 17. Rc1 Re6 18. Nf4 Rh6 19. c5 Re8 20. Re1 Qg5 21. Qa4 c6
22. Qxa5 Bb8 23. cxd6 Bxd6 24. Red1 Be4 25. Rd4 b6 26. Qa6 Ng6 27. Rxe4 Rxe4 28.
Nxg6 Rxg6 29. Qc8+ Bf8 30. Bf3 Ree6 31. Rxc6 Rxc6 32. Bxc6 Qh5 33. Be4 Qd1+ 34.
Kh2 Qd6+ 35. g3 Qd2 36. Qc2 Qxc2 37. Bxc2 Rd6 38. Bd4 g6 39. Kg2 Bg7 40. Bxg7
Kxg7 41. a4 Rd2 42. Be4 Rb2 43. Bc6 Rxb4 44. g4 Kf6 45. f4 h6 46. h4 g5 47.
hxg5+ hxg5 48. Kf3 gxf4 49. exf4 Rb3+ 50. Ke4 Rb4+ 51. Kf3 Ke6 52. Kg3 Rd4 53.
Be8 f5 54. Bb5 Rb4 55. gxf5+ Kxf5 56. Bd3+ Kf6 57. Bb5 Rd4 58. Kg4 Rd1 59. Ba6
Rg1+ 60. Kf3 Ke6 61. Bc4+ Kd6 62. Ke4 Kc5 63. Bb5 Re1+ 64. Kf5 Kd4 65. Kf6 Kd5
66. f5 Re3 67. Bd7 Kd6 68. Bb5 Re4 69. Kf7 Ke5 70. Bd7 Kd6 71. Bb5 Ke5 72. Bd7
Rh4 73. Kg6 Rd4 74. Bb5 Rg4+ 75. Kf7 Rf4 76. Bd7 Kd6 77. Bc8 Rxa4 78. f6 Rc4 79.
Bh3 Rc3 80. Bg4 Rg3 81. Bh5 Rg5 82. Bd1 Rg1 83. Be2 Rg2 84. Bc4 Rc2 85. Bd3 Rc3
86. Bg6 Rc7+ 87. Kf8 Ke6 88. f7 Kf6 89. Kg8 Rc8+ 90. Kh7 Rf8 0-1

[Event "TCh-TUR 2014"]
[Site "Konya TUR"]
[Date "2014.06.25"]
[Round "4.2"]
[White "Polatel, Ali"]
[Black "Kanmazalp, Ogulcan"]
[Result "0-1"]
[BlackTitle "IM"]
[WhiteElo "2177"]
[BlackElo "2441"]
[WhiteTeam "Denizli Pamukkale Universitesi"]
[BlackTeam "Kayseri Seker Spor Kulubu"]
[WhiteFideId "6303196"]
[BlackFideId "6304990"]
[EventDate "2014.06.23"]

1. Nf3 g6 2. c4 Bg7 3. e4 e5 4. d4 exd4 5. Nxd4 Nf6 6. Nc3 O-O 7. Be2 Re8 8. Bg5
h6 9. Be3 Nxe4 10. Nxe4 Rxe4 11. Bf3 Bxd4 12. Bxe4 Bxe3 13. Qf3 Bd4 14. O-O-O
Nc6 15. Bd5 Qf6 16. Rhe1 Bxb2+ 17. Kb1 d6 18. Re8+ Kg7 19. Qxf6+ Bxf6 20. Kc1
Nd8 21. f4 Bd7 22. Re3 Ne6 23. g3 Nc5 24. Kd2 a5 25. Rb1 c6 26. Bg2 Be6 27. Rc1
Ra6 28. Bf1 Rb6 29. h3 Bd4 30. Rf3 Bf5 31. g4 Be4 32. Rg3 Rb2+ 33. Kd1 Rxa2 34.
Be2 a4 35. f5 Nb3 0-1

[Event "TCh-TUR 2014"]
[Site "Konya TUR"]
[Date "2014.06.25"]
[Round "4.2"]
[White "Erdogdu, Mert"]
[Black "Ozturk, Emir"]
[Result "1-0"]
[WhiteTitle "IM"]
[WhiteElo "2423"]
[BlackElo "2170"]
[WhiteTeam "Kayseri Seker Spor Kulubu"]
[BlackTeam "Denizli Pamukkale Universitesi"]
[WhiteFideId "6301495"]
[BlackFideId "6302408"]
[EventDate "2014.06.23"]

1. Nf3 c5 2. e4 e6 3. d4 cxd4 4. Nxd4 a6 5. c4 Nf6 6. Nc3 Qc7 7. a3 d6 8. Be2
Be7 9. Be3 Nbd7 10. O-O b6 11. f3 Bb7 12. Qd2 O-O 13. Rfc1 Rac8 14. Rc2 Qb8 15.
Rb1 Rfe8 16. b4 Bd8 17. Kh1 Bc7 18. Bg1 Kh8 19. a4 Rg8 20. a5 bxa5 21. b5 Qa8
22. b6 Bb8 23. Nb3 d5 24. exd5 exd5 25. cxd5 Rxc3 26. Rxc3 Nxd5 27. Rd3 a4 28.
Na5 N7f6 29. Bf1 Bd6 30. Nxb7 Qxb7 31. Qa5 a3 32. Rxa3 Bxa3 33. Qxa3 Ra8 34.
Bxa6 Rxa6 35. Qxa6 Qxa6 36. b7 h6 37. b8=Q+ Kh7 38. Qe5 Qd3 39. Rb7 Qg6 40. Ra7
h5 41. h4 Kg8 42. Ra8+ Kh7 43. Rd8 Qd3 44. Kh2 Qd2 45. Qf5+ g6 46. Qxf6 1-0

[Event "TCh-TUR 2014"]
[Site "Konya TUR"]
[Date "2014.06.25"]
[Round "4.2"]
[White "Kashlinskaya, Alina"]
[Black "Atalik, Ekaterina"]
[Result "1/2-1/2"]
[WhiteTitle "WGM"]
[BlackTitle "IM"]
[WhiteElo "2419"]
[BlackElo "2433"]
[WhiteTeam "Denizli Pamukkale Universitesi"]
[BlackTeam "Kayseri Seker Spor Kulubu"]
[WhiteFideId "4198026"]
[BlackFideId "4130189"]
[EventDate "2014.06.23"]

1. d4 Nf6 2. c4 c5 3. Nf3 cxd4 4. Nxd4 g6 5. Nc3 Bg7 6. e4 Nc6 7. Nc2 d6 8. Be2
O-O 9. O-O Be6 10. f3 a6 11. Be3 Nd7 12. Qd2 Qa5 13. Rab1 Bxc3 14. bxc3 Nde5 15.
Bb6 Qxa2 16. Ra1 Nxc4 17. Qd3 N6e5 18. Qd1 Qb3 19. Bd4 Nc6 20. Rb1 Qa4 21. Ra1
Qb3 22. Rb1 Qa4 23. Ra1 Qb3 1/2-1/2

[Event "TCh-TUR 2014"]
[Site "Konya TUR"]
[Date "2014.06.25"]
[Round "4.2"]
[White "Aksakal, Boran"]
[Black "Komut, Kaan"]
[Result "1-0"]
[WhiteElo "1622"]
[BlackElo "1945"]
[WhiteTeam "Kayseri Seker Spor Kulubu"]
[BlackTeam "Denizli Pamukkale Universitesi"]
[WhiteFideId "6366511"]
[BlackFideId "6309992"]
[EventDate "2014.06.23"]

1. Nf3 d5 2. g3 g6 3. Bg2 Bg7 4. O-O Nf6 5. d3 O-O 6. Nbd2 c6 7. Re1 Qc7 8. e4
dxe4 9. dxe4 Nbd7 10. c3 Rd8 11. Qc2 e5 12. Nb3 Nf8 13. Be3 b6 14. a4 Ba6 15.
Rad1 Ne6 16. Ng5 Nf8 17. f4 Ng4 18. Bc1 b5 19. Nc5 h6 20. Nf3 Ne6 21. Rxd8+ Rxd8
22. Nxe6 Qb6+ 23. Kh1 fxe6 24. h3 Nf2+ 25. Kh2 Nd3 26. Rd1 Nxc1 27. Qxc1 bxa4
28. Nxe5 Bxe5 29. fxe5 Kg7 30. Rd6 Bc4 31. Qf4 Rxd6 32. Qf6+ Kg8 33. Qxg6+ Kf8
34. Qxh6+ Ke8 35. Qh8+ Kd7 36. Qg7+ Kc8 37. exd6 e5 38. h4 Be6 39. Qe7 Bd7 40.
h5 Qxb2 41. h6 Qe2 42. h7 Qh5+ 43. Qh4 1-0

[Event "TCh-TUR 2014"]
[Site "Konya TUR"]
[Date "2014.06.25"]
[Round "4.2"]
[White "Dogan, Mire Deniz"]
[Black "Yazici, Ugur Doga"]
[Result "0-1"]
[WhiteElo "1825"]
[BlackElo "1693"]
[WhiteTeam "Denizli Pamukkale Universitesi"]
[BlackTeam "Kayseri Seker Spor Kulubu"]
[WhiteFideId "6317456"]
[BlackFideId "6363342"]
[EventDate "2014.06.23"]

1. d4 Nf6 2. c4 g6 3. g3 Bg7 4. Bg2 O-O 5. e4 d6 6. Ne2 e5 7. d5 Nbd7 8. O-O a5
9. Nbc3 Nc5 10. f3 Ne8 11. Be3 f5 12. Bf2 Nf6 13. h3 fxe4 14. fxe4 Bd7 15. Nc1
b6 16. Qc2 Qc8 17. Kh2 Qa6 18. b3 Rf7 19. a3 Raf8 20. Ra2 Bh6 21. b4 Nb7 22. Qe2
Nh5 23. Nb3 Bg5 24. Kg1 Kg7 25. Nb1 Bc8 26. Ra1 Bd7 27. N1d2 Bh6 28. Be1 a4 29.
Nc1 Bxd2 30. b5 Qa8 31. Qxd2 Rxf1+ 32. Bxf1 Nc5 33. Qe3 Qc8 34. g4 Nf4 35. Bg3
g5 36. Kh2 Qd8 37. Nd3 Nb3 38. Ra2 Nd4 39. Rf2 Qf6 40. Nb4 Qh6 41. Kg1 Rf7 42.
Bh2 Qh4 43. Bg3 Qh6 44. Bh2 Qf6 45. Bg2 Qh6 46. Nc2 Nb3 47. Bf1 Nc5 48. Ne1 Kg8
49. Nd3 Ncxd3 50. Rf3 0-1

[Event "TCh-TUR 2014"]
[Site "Konya TUR"]
[Date "2014.06.25"]
[Round "4.2"]
[White "Aksoy, Ayca"]
[Black "Ayan, Bengu Sena"]
[Result "1-0"]
[WhiteElo "1771"]
[BlackElo "1549"]
[WhiteTeam "Kayseri Seker Spor Kulubu"]
[BlackTeam "Denizli Pamukkale Universitesi"]
[WhiteFideId "6355978"]
[BlackFideId "6346120"]
[EventDate "2014.06.23"]

1. Nf3 Nf6 2. d4 d5 3. c4 dxc4 4. e3 Bg4 5. Bxc4 e6 6. O-O a6 7. Nc3 Nc6 8. Be2
Bd6 9. h3 Bh5 10. a3 O-O 11. b4 Ne7 12. Bb2 Ned5 13. Rc1 Nxc3 14. Bxc3 Ne4 15.
Nd2 Bxe2 16. Qxe2 Nxd2 17. Qxd2 Qe7 18. Rfd1 Rad8 19. Qb2 f6 20. Rc2 c6 21. Qb3
Kh8 22. Rcd2 Rd7 23. a4 Rc8 24. e4 Rcd8 25. b5 axb5 26. axb5 cxb5 27. Qxb5 Rc8
28. Ba5 Bf4 29. Rd3 Qd6 30. g3 Bh6 31. Bb4 Qc6 32. Rc3 Rxd4 33. Rxd4 Qe8 34.
Qxe8+ 1-0

[Event "TCh-TUR 2014"]
[Site "Konya TUR"]
[Date "2014.06.25"]
[Round "4.3"]
[White "Szabo, Bence"]
[Black "Abasov, Nijat"]
[Result "1/2-1/2"]
[WhiteTitle "IM"]
[BlackTitle "GM"]
[WhiteElo "2410"]
[BlackElo "2531"]
[WhiteTeam "Samandag Altin Piyon"]
[BlackTeam "Callica Genclik Ve Spor Kulubu"]
[WhiteFideId "733776"]
[BlackFideId "13402960"]
[EventDate "2014.06.23"]

1. Nf3 Nf6 2. c4 b6 3. g3 Bb7 4. Bg2 e6 5. O-O Be7 6. Nc3 O-O 7. Re1 Ne4 8. Nxe4
Bxe4 9. d3 Bb7 10. e4 c5 11. d4 cxd4 12. Nxd4 d6 13. b3 Nc6 14. Nxc6 Bxc6 15. a4 1/2-1/2

[Event "TCh-TUR 2014"]
[Site "Konya TUR"]
[Date "2014.06.25"]
[Round "4.3"]
[White "Abdulov, Orkhan"]
[Black "Nagy, Gabor1"]
[Result "1/2-1/2"]
[WhiteTitle "IM"]
[BlackTitle "IM"]
[WhiteElo "2348"]
[BlackElo "2428"]
[WhiteTeam "Callica Genclik Ve Spor Kulubu"]
[BlackTeam "Samandag Altin Piyon"]
[WhiteFideId "13402714"]
[BlackFideId "737119"]
[EventDate "2014.06.23"]

1. e4 c5 2. Nf3 d6 3. c3 Nf6 4. Bd3 Nc6 5. Bc2 Bg4 6. h3 Bxf3 7. Qxf3 g6 8. O-O
Bg7 9. d3 O-O 10. Qe2 b5 11. Be3 Nd7 12. Nd2 Rc8 13. Nf3 b4 14. cxb4 Nxb4 15.
Bb3 Nc6 16. Rab1 Qb6 17. Rfc1 Nde5 18. Nxe5 Bxe5 19. f4 Bd4 20. Bf2 Bxf2+ 21.
Qxf2 Nd4 22. Bc4 e6 23. a3 a5 24. Kh2 a4 25. g4 Rce8 26. Rg1 Qb8 27. Rg3 Kh8 28.
Rbg1 Qb7 29. Re1 Rb8 30. Rg2 Qc7 31. Kh1 f5 32. gxf5 exf5 33. Bd5 Qd7 34. Re3
Rbe8 35. h4 fxe4 36. dxe4 Qg7 37. Reg3 Qh6 38. Rg4 Re5 39. Qg3 Rxd5 40. exd5 Qh5
41. Qd3 1/2-1/2

[Event "TCh-TUR 2014"]
[Site "Konya TUR"]
[Date "2014.06.25"]
[Round "4.3"]
[White "Arslan, Erdal"]
[Black "Metin, Mehmet"]
[Result "1-0"]
[WhiteElo "2017"]
[BlackElo "2183"]
[WhiteTeam "Samandag Altin Piyon"]
[BlackTeam "Callica Genclik Ve Spor Kulubu"]
[WhiteFideId "6318916"]
[BlackFideId "6303730"]
[EventDate "2014.06.23"]

1. c4 c5 2. Nc3 Nc6 3. g3 g6 4. Bg2 Bg7 5. e3 d6 6. Nge2 e5 7. d3 Nge7 8. O-O
O-O 9. e4 Rb8 10. Be3 Nd4 11. Rb1 Nec6 12. a3 b5 13. Bxd4 Nxd4 14. Nxd4 cxd4 15.
Nd5 Be6 16. b3 Bxd5 17. exd5 bxc4 18. bxc4 Qa5 19. Rb3 Rb6 20. Rxb6 Qxb6 21. Qa4
Rb8 22. f4 exf4 23. Rxf4 Bh6 24. Rf1 Qc7 25. Qc6 Qe7 26. c5 Rd8 27. cxd6 Rxd6
28. Qc2 Kg7 29. a4 Be3+ 30. Kh1 h5 31. Qe2 Qg5 32. Qf3 f5 33. Rb1 Qd8 34. Rb7+
Kh6 35. Rb1 Qa5 36. h3 Qxa4 37. g4 Qc2 38. Rf1 Qxd3 39. Qg3 Rb6 40. g5+ Kg7 41.
Qc7+ Kh8 42. Qd8+ Kg7 43. Qe7+ Kh8 44. d6 Rb1 45. Qf8+ Kh7 46. Qe7+ Kh8 47. Qf8+
Kh7 48. Qh6+ Kg8 49. Bd5# 1-0

[Event "TCh-TUR 2014"]
[Site "Konya TUR"]
[Date "2014.06.25"]
[Round "4.3"]
[White "Soyek, Ramazan"]
[Black "Yildizak, Goksel"]
[Result "0-1"]
[WhiteElo "2003"]
[BlackElo "1702"]
[WhiteTeam "Callica Genclik Ve Spor Kulubu"]
[BlackTeam "Samandag Altin Piyon"]
[WhiteFideId "6314953"]
[BlackFideId "6315500"]
[EventDate "2014.06.23"]

1. e4 c6 2. d4 d5 3. exd5 cxd5 4. Bd3 Nc6 5. c3 g6 6. Bf4 Bg7 7. Ne2 Nh6 8. Qd2
Nf5 9. O-O O-O 10. Na3 a6 11. Nc2 Re8 12. Ng3 Nd6 13. Ne3 Be6 14. Bxd6 Qxd6 15.
f4 f5 16. a4 Na5 17. Qe2 Rac8 18. Rae1 Bd7 19. Rf3 e6 20. b4 Nb3 21. Bc2 Rxc3
22. Bxb3 Rxb3 23. Nexf5 exf5 24. Qf2 Rxe1+ 25. Qxe1 Rxf3 26. gxf3 Bxd4+ 27. Kg2
Bxa4 28. Qd2 Bf6 29. Nf1 Bc6 30. Ng3 d4 31. Nf1 Qd5 32. Qf2 Be7 33. b5 Bxb5 34.
Ng3 Bh4 35. Qe1 Bc6 36. Kh3 Bxg3 37. hxg3 d3 38. Qe7 d2 39. Kh4 d1=Q 0-1

[Event "TCh-TUR 2014"]
[Site "Konya TUR"]
[Date "2014.06.25"]
[Round "4.3"]
[White "Gulay, Ayca Nuriye"]
[Black "Simsek, Meltem"]
[Result "1/2-1/2"]
[WhiteElo "1653"]
[BlackElo "1731"]
[WhiteTeam "Samandag Altin Piyon"]
[BlackTeam "Callica Genclik Ve Spor Kulubu"]
[WhiteFideId "6324363"]
[BlackFideId "6306594"]
[EventDate "2014.06.23"]

1. e4 c6 2. d4 d5 3. Nc3 dxe4 4. Nxe4 Bf5 5. Ng3 Bg6 6. h4 h6 7. h5 Bh7 8. c3
Nd7 9. Bd3 Bxd3 10. Qxd3 e6 11. Bf4 Ngf6 12. O-O-O Nd5 13. Bd2 Qc7 14. Kb1 N5f6
15. Re1 O-O-O 16. f4 Bd6 17. N1e2 c5 18. Rc1 c4 19. Qc2 Nd5 20. Rcf1 f5 21. b4
N7f6 22. Rf3 Rhe8 23. a4 1/2-1/2

[Event "TCh-TUR 2014"]
[Site "Konya TUR"]
[Date "2014.06.25"]
[Round "4.3"]
[White "Zor, Alber Kadir"]
[Black "Ermis, Mehmet Eren"]
[Result "1/2-1/2"]
[WhiteElo "1963"]
[BlackElo "1893"]
[WhiteTeam "Callica Genclik Ve Spor Kulubu"]
[BlackTeam "Samandag Altin Piyon"]
[WhiteFideId "6353169"]
[BlackFideId "6328008"]
[EventDate "2014.06.23"]

1. e4 c5 2. Nf3 e6 3. g3 Nc6 4. Bg2 Qc7 5. O-O Nf6 6. d3 Be7 7. Bf4 d6 8. Nbd2
e5 9. Bg5 h6 10. Bxf6 Bxf6 11. Nc4 Be6 12. Ne3 O-O 13. c3 Rab8 14. Nd2 b5 15.
Nd5 Bxd5 16. exd5 Na5 17. b3 b4 18. c4 e4 19. Rc1 exd3 20. Be4 g6 21. Bxd3 Rfe8
22. h4 h5 23. Ne4 Bd4 24. Qf3 Kg7 25. Rfe1 Re7 26. Re2 Rbe8 27. Rce1 Nb7 28. Ng5
Bc3 29. Rxe7 Rxe7 30. Rxe7 Qxe7 31. Qe4 Bf6 32. Qxe7 1/2-1/2

[Event "TCh-TUR 2014"]
[Site "Konya TUR"]
[Date "2014.06.25"]
[Round "4.3"]
[White "Ozates, Tuna"]
[Black "Caglar, Ahmet Ata"]
[Result "0-1"]
[WhiteElo "1850"]
[BlackElo "1841"]
[WhiteTeam "Samandag Altin Piyon"]
[BlackTeam "Callica Genclik Ve Spor Kulubu"]
[WhiteFideId "6354521"]
[BlackFideId "6328636"]
[EventDate "2014.06.23"]

1. e4 c5 2. Nf3 Nc6 3. Bb5 Nf6 4. Bxc6 bxc6 5. d3 g6 6. Nc3 Bg7 7. h3 d6 8. O-O
O-O 9. Be3 e5 10. Qd2 Nh5 11. g4 Qf6 12. Kg2 Nf4+ 13. Bxf4 exf4 14. Ng1 Rb8 15.
Rab1 h5 16. f3 Qg5 17. Nge2 Be5 18. h4 Qxh4 19. Rh1 Qg5 20. Qe1 hxg4 21. Qh4
gxf3+ 22. Kxf3 Qxh4 23. Rxh4 Kg7 24. b3 Be6 25. Rbh1 Rh8 26. Nd1 g5 27. Rxh8 g4+
28. Kf2 Rxh8 29. Rxh8 Kxh8 30. c3 g3+ 31. Kf3 f5 32. Ng1 Kg7 33. a3 Kg6 34. b4
fxe4+ 35. dxe4 Kg5 36. Kg2 Bb3 37. Nf3+ Kg4 38. Nb2 Bxc3 39. Nd3 Bd1 40. Nh2+
gxh2 41. Nf2+ Kg5 42. Nxd1 cxb4 43. Kxh2 Kg4 44. axb4 Bxb4 45. Kg2 f3+ 46. Kf2
Bc5+ 47. Kf1 Bd4 48. e5 dxe5 49. Ke1 a5 50. Kd2 a4 51. Kc2 f2 52. Nxf2+ Bxf2 53.
Kc3 Bd4+ 54. Kc4 Kf3 55. Kd3 a3 56. Kc4 a2 57. Kb4 a1=Q 58. Kb3 Qc3+ 59. Ka4
Qc4+ 60. Ka3 Qb5 0-1

[Event "TCh-TUR 2014"]
[Site "Konya TUR"]
[Date "2014.06.25"]
[Round "4.3"]
[White "Incecik, Seyma Zeynep"]
[Black "Yassibag, Ipek Asli"]
[Result "1-0"]
[WhiteElo "1477"]
[BlackElo "1499"]
[WhiteTeam "Callica Genclik Ve Spor Kulubu"]
[BlackTeam "Samandag Altin Piyon"]
[WhiteFideId "6374948"]
[BlackFideId "6342400"]
[EventDate "2014.06.23"]

1. e4 c5 2. Nf3 d6 3. d4 cxd4 4. Nxd4 Nf6 5. f3 e6 6. c4 Qb6 7. Nc3 Nc6 8. Ndb5
Ne5 9. Qd4 Qxd4 10. Nxd4 a6 11. Na4 Ned7 12. Be3 d5 13. cxd5 exd5 14. exd5 Nxd5
15. Bd2 Nc5 16. Nxc5 Bxc5 17. Nb3 Bb4 18. O-O-O Bf5 19. Bxb4 Nxb4 20. a3 Rc8+
21. Kd2 Rc2+ 22. Ke3 Rxb2 23. axb4 Rxb3+ 24. Kf4 Be6 25. Rd4 O-O 26. Bd3 h6 27.
Rb1 Rxb1 28. Bxb1 g5+ 29. Kg3 f5 30. Rd6 Re8 31. Rb6 Re7 32. f4 Kg7 33. h4 Kg6
34. Ba2 gxf4+ 35. Kxf4 Kf6 36. g3 Re8 37. Bd5 Re7 38. Bxb7 Kf7 39. Bxa6 Bd7 40.
Bd3 Kg7 41. Rb7 Kf6 42. b5 Rg7 43. Be2 Re7 44. Bd3 Rg7 45. Kf3 Be6 46. Rxg7 Kxg7
47. Kf4 Kf6 48. b6 Bc8 49. Bb5 Bb7 50. Bd7 Ke7 51. Bxf5 Kd6 52. Be4 Bxe4 53.
Kxe4 Kc6 54. Kf5 Kxb6 55. Kg6 Kc6 56. Kxh6 Kd6 57. Kg6 Ke7 58. Kg7 Ke6 59. h5
Kf5 60. h6 Kg4 61. h7 Kxg3 62. h8=Q 1-0

[Event "TCh-TUR 2014"]
[Site "Konya TUR"]
[Date "2014.06.25"]
[Round "4.4"]
[White "Mammadov, Zaur"]
[Black "Arnaudov, G. Petar"]
[Result "1/2-1/2"]
[WhiteTitle "IM"]
[BlackTitle "GM"]
[WhiteElo "2459"]
[BlackElo "2457"]
[WhiteTeam "Burdur 90.Yil Spor Kulubu"]
[BlackTeam "Karaman Belediye Spor Kulubu"]
[WhiteFideId "13401033"]
[BlackFideId "2907127"]
[EventDate "2014.06.23"]

1. e4 e5 2. Nf3 Nc6 3. Nc3 Nf6 4. Be2 Bc5 5. Nxe5 Nxe5 6. d4 Bd6 7. dxe5 Bxe5 8.
Nb5 c6 9. f4 Bb8 10. Nd6+ Bxd6 11. Qxd6 Nxe4 12. Qe5+ Qe7 13. Qxg7 Qf6 14. Qxf6
Nxf6 15. O-O d5 16. b3 Rg8 17. f5 Bd7 18. Bb2 Ne4 19. c4 O-O-O 20. Rad1 Rde8 21.
Rfe1 Bxf5 1/2-1/2

[Event "TCh-TUR 2014"]
[Site "Konya TUR"]
[Date "2014.06.25"]
[Round "4.4"]
[White "Karayel, Atagun"]
[Black "Miyak, Melih Burak"]
[Result "1/2-1/2"]
[WhiteElo "1940"]
[BlackElo "2095"]
[WhiteTeam "Karaman Belediye Spor Kulubu"]
[BlackTeam "Burdur 90.Yil Spor Kulubu"]
[WhiteFideId "6305318"]
[BlackFideId "6300618"]
[EventDate "2014.06.23"]

1. d4 Nf6 2. c4 e6 3. Nc3 Bb4 4. e3 O-O 5. Bd3 d5 6. Ne2 b6 7. cxd5 exd5 8. O-O
Bb7 9. a3 Bd6 10. Ng3 Re8 11. Qc2 a6 12. b4 Nbd7 13. Rb1 g6 14. f3 Nf8 15. Qf2
Ne6 16. Nce2 h5 17. e4 h4 18. Nf5 gxf5 19. e5 Be7 20. exf6 Bxf6 21. Bxf5 Bc6 22.
Bd3 Bb5 23. Bxb5 axb5 24. f4 Qe7 25. Rb3 1/2-1/2

[Event "TCh-TUR 2014"]
[Site "Konya TUR"]
[Date "2014.06.25"]
[Round "4.4"]
[White "Onem, Cem"]
[Black "Olcum, Ahmet"]
[Result "0-1"]
[WhiteElo "1944"]
[BlackElo "1936"]
[WhiteTeam "Burdur 90.Yil Spor Kulubu"]
[BlackTeam "Karaman Belediye Spor Kulubu"]
[WhiteFideId "6303625"]
[BlackFideId "6311393"]
[EventDate "2014.06.23"]

1. e4 g6 2. d4 Bg7 3. Nc3 d6 4. Be3 a6 5. Qd2 b5 6. O-O-O Bb7 7. f3 Nd7 8. Kb1
Nb6 9. b3 b4 10. Nce2 a5 11. Nc1 h5 12. Nh3 Nf6 13. Bb5+ c6 14. Be2 Nfd7 15. Nd3
Qc7 16. Nb2 O-O 17. Bh6 Bh8 18. Bxf8 Nxf8 19. Nc4 Ne6 20. Qe3 c5 21. d5 Nd4 22.
Nxb6 Qxb6 23. Bc4 a4 24. Rd2 Ba6 25. Bxa6 axb3 26. cxb3 Qxa6 27. Rc1 Nb5 28.
Rcc2 Qa3 29. Nf4 Nc3+ 30. Rxc3 Bxc3 31. Qe2 c4 32. Rb2 Bxb2 33. Qxb2 Qa6 34.
bxc4 Qxc4 35. Ne2 b3 36. axb3 Qd3+ 0-1

[Event "TCh-TUR 2014"]
[Site "Konya TUR"]
[Date "2014.06.25"]
[Round "4.4"]
[White "Bal, Enes Emre"]
[Black "Bayik, Hasan"]
[Result "0-1"]
[WhiteElo "1821"]
[BlackElo "2042"]
[WhiteTeam "Karaman Belediye Spor Kulubu"]
[BlackTeam "Burdur 90.Yil Spor Kulubu"]
[WhiteFideId "6325866"]
[BlackFideId "6318398"]
[EventDate "2014.06.23"]

1. e4 c6 2. d4 d5 3. exd5 cxd5 4. c4 Nf6 5. Nc3 Nc6 6. Nf3 e6 7. c5 Ne4 8. Bb5
Qa5 9. Bxc6+ bxc6 10. O-O Nxc3 11. bxc3 f6 12. Bf4 Be7 13. Re1 Bd8 14. Nh4 O-O
15. Bd6 Rf7 16. Qf3 e5 17. dxe5 fxe5 18. Rxe5 Bd7 19. Nf5 Bf6 20. Qg3 Bxf5 21.
Rxf5 Qxc3 22. Qxc3 Bxc3 23. Rxf7 Kxf7 24. Rb1 Re8 25. Rb7+ Kg6 26. g4 Re4 27. f4
Rc4 28. h4 h5 29. g5 Bd4+ 30. Kg2 Kf5 31. Be5 Bxe5 32. fxe5 Rxh4 33. Rxg7 Rg4+
34. Kf3 Rxg5 35. Rxa7 Kxe5 36. Rh7 Kd4 37. Kf4 Rg2 38. a4 Rf2+ 39. Kg3 Rf5 40.
a5 Kxc5 41. a6 Kb6 42. a7 Rf8 43. Rh6 Ra8 44. Kf4 Rxa7 45. Rxh5 Re7 0-1